00360 a2200157 4500041000800000082001800008245001000026260004100036300001000077650003300087650001700120650001200137653002300149942001300172999001700185 aEng a899.63bSt72j aJonah aLondonbEdan Paperback Editionc1988 a216p. aAustralian literature911974 aNovel911311 aFiction aEnglish literature 2ddccGEN c55647d55643